000
00317nam a22001217a 4500
008
140514t xxu||||| |||| 00| 0 eng d
020
_a
978-3-540-75156-4
100
_a
Patric J. Paddison
_9
846
240
_a
Current topics in microbiology and Immunology
245
_a
RNA Interference
300
_a
273
942
_2
ddc
_c
BK
999
_c
17089
_d
17089